000 00484nam a2200193Ia 4500
003 GCL
005 20240530100053.0
008 140319s9999 xx 000 0 eng d
040 _aGCL /
_cGCL
082 0 4 _a747.9
_bW T
100 1 _aWESTLAND, PAMELA
245 1 0 _aTHE TABLE DECORATION BOOK /
_cWESTLAND, PAMELA
260 _a[S.N] :
_bGRANGE ،
_c1946
300 _a127 P ؛
_c30 cm.
650 0 4 _aTABLES - DECORATION
650 0 4 _aART
650 0 4 _aTABLES
942 _2ddc
_cBK
999 _c13693
_d13693